000 00730nam a2200277Ia 4500
003 OSt
005 20221007110824.0
006 a|||||r|||| 00| 0
007 ta
008 221006b |||||||| |||| 00| 0 eng d
020 _a9788180385698
024 _a21,932
037 _cTextual
040 _aLCO
_cLCO
_beng
041 _2eng
_aeng
082 _aZ2,193, P9
100 _aVerma Arvind
245 0 _aUnderstanding the Police in India
250 _a1st
260 _aNew
_bDelhi Lexis Nexis Butterworths Wadhwa Nagpur India
_c2009
300 _a311
650 _aPOLICE
700 _a Subramanian K.S.
942 _hZ2,193, P9
_cTEXL
999 _c1191495
_d1191495